Le Nôtre /

André Le Notre se dedicó al diseño de jardines y paisajes. Estudió arte en París. Después de su padre él se ocupó de los jardines de las Tullerías. Los jardines que diseñó en Vaux-le-Vicomte y Versailles son ejemplos del diseño francés de jardines del siglo XVII. Le Notre también se encargó de crear...

Fuld beskrivelse

Guardado en:
Bibliografiske detaljer
Hovedforfatter: Jeannel, Bernard (autor)
Andre forfattere: Calatrava, Juan (traducción) (traducción), Bailly, Jean-Christophe (autor) (autor)
Format: Bog
Sprog:spansk
Udgivet: Madrid, España : Akal, 2003, c2003
Serier:(Akal Arquitectura ; 27)
Fag:
Tags: Tilføj Tag
Ingen Tags, Vær først til at tagge denne postø!

MARC

LEADER 00000nam^a2200000^a^4500
001 000153217
005 20250521000000.0
009 20260310100312.412
020 |a 84-460-1740-7 
037 |a Acervo ITESO - Biblioteca 
041 |a ESP 
082 |a 720.  |b AKA ARQ V. 27 
100 |a Jeannel, Bernard  |e (autor) 
245 1 0 |a Le Nôtre /  |c B. Jeannel, J.C. Bailly ; tr. por J. Calatrava. 
264 4 |a Madrid, España :  |b Akal,  |c 2003, c2003 
300 |a 136 p. 
336 |a texto  |b txt  |2 rdacontenido 
337 |a sin mediación  |b n  |2 rdamedio 
338 |a volumen  |b nc  |2 rdasoporte 
440 1 |a (Akal Arquitectura ;  |v 27) 
500 |a Traducción de: Le Nôtre 
520 |a André Le Notre se dedicó al diseño de jardines y paisajes. Estudió arte en París. Después de su padre él se ocupó de los jardines de las Tullerías. Los jardines que diseñó en Vaux-le-Vicomte y Versailles son ejemplos del diseño francés de jardines del siglo XVII. Le Notre también se encargó de crear el proyecto para eje de las Tullerías mismo que más tarde se convirtió en el gran eje de París. Su estilo barroco influenció ampliamente en Europa. Entre 1613 y 1700, su diseño de Vaux-le-Vicomte atrajo la atención de Luis XIV, quien le confió la dirección de casi todos los jardines reales. Los jardines del palacio de Versailles son su obra más famosa. En 1964 transformó los jardines de las Tullerías. También diseñó jardines para Saint-Cloud, Marly-le-Roi, Chantilly, Fontainebleau, y Saint-Germain-en-Laye. 
649 |a XX 
650 |a Arquitectos Franceses 
650 |a Artistas Franceses 
650 |a Jardines 
650 |a Arquitectura Francesa -  |x Historia y Crítica 
650 |a Arquitectura Francesa -  |x Historia -  |y Siglo XVII 
650 |a Arquitectura Francesa -  |x Historia -  |y Siglo XVIII 
650 |a Arte Francés -  |x Historia y Crítica 
650 |a Arte Francés -  |y Siglo XVII 
650 |a Arte Francés -  |y Siglo XVIII 
650 |a Le Nôtre, André -  |x Tema Principal 
700 |a Calatrava, Juan  |e (traducción) 
700 |a Bailly, Jean-Christophe  |e (autor) 
910 |a Fondo General 
920 |a Impresos - Libros 
930 |a Reserva Especial 
905 |a 103 
901 |a 0500299197  |b IT1  |c REE  |i C159695  |u 20250521 
901 |a 0500081878  |b IT1  |c REE  |u 20250521 
902 |a https://opac.biblio.iteso.mx/vufind/Record/000153217